| 000 | 00960nam a22002417a 4500 | ||
|---|---|---|---|
| 001 | 8935 | ||
| 003 | FISKH | ||
| 005 | 20251211084811.0 | ||
| 008 | 251110b cb ||||| |||| 00| 0 eng d | ||
| 020 | _a9780746007983 | ||
| 040 |
_aFISKH _beng _cFISKH _dFISKH |
||
| 050 | _aGB58 | ||
| 082 | _a 363 | ||
| 100 | _aWilkes, Angela | ||
| 245 |
_aThe Usborne book of wild places : _bMountains, jungles & deserts / _cAngela Wilkes ; Illustrated by Peter Dennis |
||
| 250 | _aThis edition published in 1990 | ||
| 260 |
_aLondon : _bUsborne Publishing, _c1980 |
||
| 300 |
_a32 pages : _bcolor illustrations ; _c21 cm |
||
| 520 | _a"This colourful book explores the exciting worlds of mountains, jungles and deserts, their dramatic landscapes, the animals and plants that inhabit them and the people who live in the most beautiful and remote areas of the earth."-- | ||
| 650 |
_aGeography _vMountains _xHabitats _yScience |
||
| 942 |
_2ddc _cBK _n0 |
||
| 999 |
_c8935 _d8935 |
||